[Event "Campobasso op 12th"]
[Site "Campobasso"]
[Date "2005.07.09"]
[Round "3"]
[White "Ragnoni, Edoardo"]
[Black "Ficco, Corrado"]
[Result "0-1"]
[WhiteElo "1802"]
[BlackElo "2170"]
[PlyCount "122"]
[EventDate "2005.07.08"]
[EventType "swiss"]
[EventRounds "6"]
[EventCountry "ITA"]
[SourceTitle "EXT 2007"]
[Source "ChessBase"]
[SourceDate "2006.11.23"]
[SourceVersion "1"]
[SourceVersionDate "2006.11.23"]
[SourceQuality "1"]

1. e4 c5 2. Nf3 e6 3. d4 cxd4 4. Nxd4 Nc6 5. Nc3 a6 6. Be2 Nge7 7. 0-0 Nxd4 8. Qxd4 Nc6 9. Qd1 Qc7 10. Be3 Be7 11. f4 d6 12. Kh1 0-0 13. Na4 b5 14. Nb6 Rb8 15. Nxc8 Rbxc8 16. Rf3 Bf6 17. c3 Na5 18. Rh3 Nc4 19. Bc1 g6 20. Rb1 Bg7 21. Bd3 Rcd8 22. Qe1 Qe7 23. Qf2 d5 24. e5 Rc8 25. Rf3 Rc6 26. Be3 Nxe3 27. Qxe3 Qc5 28. Qxc5 Rxc5 29. Rff1 a5 30. Rfd1 f6 31. b4 Rxc3 32. exf6 Bxf6 33. bxa5 b4 34. Rd2 Rfc8 35. a6 Ra3 36. g3 Bc3 37. Rc2 Rc5 38. Rb3 Rxb3 39. axb3 Ra5 40. Kg2 Kf7 41. Kf2 Ke7 42. Ke2 Kd7 43. h4 Ra3 44. Ke3 Kc7 45. Ke2 Rxb3 46. Ra2 Ra3 47. Rxa3 bxa3 48. Bb1 Kb6 49. Ba2 Kxa6 50. g4 Kb6 51. Kd3 Bb2 52. h5 gxh5 53. f5 exf5 54. gxf5 Kc5 55. Ke3 Kd6 56. Kf3 Ke5 57. f6 Kd6 58. f7 Bg7 59. Kg3 d4 60. Kf3 Ke5 61. Ke2 h4 0-1

[Event "Cattolica op"]
[Site "Cattolica"]
[Date "2005.06.18"]
[Round "8"]
[White "Ragnoni, Edoardo"]
[Black "Manconi, Antonio"]
[Result "0-1"]
[WhiteElo "1802"]
[BlackElo "1972"]
[PlyCount "58"]
[EventDate "2005.06.11"]
[EventType "swiss"]
[EventRounds "9"]
[EventCountry "ITA"]
[SourceTitle "EXT 2007"]
[Source "ChessBase"]
[SourceDate "2006.11.23"]
[SourceVersion "1"]
[SourceVersionDate "2006.11.23"]
[SourceQuality "1"]

1. e4 c5 2. Nf3 Nc6 3. c3 Nf6 4. e5 Nd5 5. Bc4 e6 6. Bxd5 exd5 7. d4 cxd4 8. cxd4 d6 9. 0-0 dxe5 10. Nxe5 Nxe5 11. dxe5 Bc5 12. Qd3 0-0 13. Nc3 Be6 14. Kh1 Qd7 15. Bg5 d4 16. Ne4 Bb6 17. Qg3 Bf5 18. Bh6 Bg6 19. f4 f5 20. exf6 gxh6 21. f5 Bc7 22. Qh3 Be8 23. Qxh6 Be5 24. Rae1 Qc7 25. Rf3 Bc6 26. Rh3 Bxe4 27. Rxe4 Bxf6 28. Rg3+ Kh8 29. Reg4 Rac8 0-1

[Event "Cattolica op"]
[Site "Cattolica"]
[Date "2005.06.15"]
[Round "5"]
[White "Ragnoni, Edoardo"]
[Black "Trussardi, Giuseppe"]
[Result "1/2-1/2"]
[WhiteElo "1802"]
[BlackElo "1768"]
[PlyCount "51"]
[EventDate "2005.06.11"]
[EventType "swiss"]
[EventRounds "9"]
[EventCountry "ITA"]
[SourceTitle "EXT 2007"]
[Source "ChessBase"]
[SourceDate "2006.11.23"]
[SourceVersion "1"]
[SourceVersionDate "2006.11.23"]
[SourceQuality "1"]

1. e4 d6 2. d4 Nf6 3. Nc3 c6 4. Nf3 Bg4 5. Be2 e6 6. 0-0 Be7 7. Be3 d5 8. e5 Nfd7 9. Nd2 Bxe2 10. Nxe2 c5 11. c3 0-0 12. Nf4 Nc6 13. Qg4 Kh8 14. Nf3 Rg8 15. Nh3 cxd4 16. cxd4 Nf8 17. Rac1 f5 18. exf6 gxf6 19. Qh5 Qe8 20. Qxe8 Rxe8 21. Nf4 Kg7 22. Rc3 Kf7 23. Rfc1 Bd6 24. Nd3 Nd7 25. Rb3 Na5 26. Rbc3 1/2-1/2

[Event "Cattolica op"]
[Site "Cattolica"]
[Date "2005.06.14"]
[Round "4"]
[White "Di Majo, Carlo"]
[Black "Ragnoni, Edoardo"]
[Result "1-0"]
[WhiteElo "1982"]
[BlackElo "1802"]
[PlyCount "73"]
[EventDate "2005.06.11"]
[EventType "swiss"]
[EventRounds "9"]
[EventCountry "ITA"]
[SourceTitle "EXT 2007"]
[Source "ChessBase"]
[SourceDate "2006.11.23"]
[SourceVersion "1"]
[SourceVersionDate "2006.11.23"]
[SourceQuality "1"]

1. d4 d5 2. Nf3 Nf6 3. Bf4 e6 4. e3 Bd6 5. Ne5 0-0 6. Bd3 c5 7. c3 Nc6 8. Nd2 Qc7 9. Ndf3 c4 10. Bc2 b5 11. a3 Bb7 12. Bg3 a5 13. Nxc6 Bxc6 14. Bxd6 Qxd6 15. Ne5 Rfb8 16. 0-0 Be8 17. Qf3 Ra6 18. g4 Ne4 19. Qg2 f6 20. Nf3 b4 21. Bxe4 dxe4 22. Nd2 bxc3 23. bxc3 f5 24. Nxc4 Qc7 25. Ne5 Qxc3 26. Rfc1 Qb2 27. Qf1 Qb7 28. Rab1 Rb6 29. Rxb6 Qxb6 30. Qc4 Qd6 31. gxf5 Qxa3 32. fxe6 Qe7 33. Qc7 Qxc7 34. Rxc7 a4 35. Ra7 Rd8 36. e7 Rb8 37. d5 1-0

[Event "Cattolica op"]
[Site "Cattolica"]
[Date "2005.06.13"]
[Round "3"]
[White "Bellincampi, Stefano"]
[Black "Ragnoni, Edoardo"]
[Result "1-0"]
[WhiteElo "2077"]
[BlackElo "1802"]
[PlyCount "81"]
[EventDate "2005.06.11"]
[EventType "swiss"]
[EventRounds "9"]
[EventCountry "ITA"]
[SourceTitle "EXT 2007"]
[Source "ChessBase"]
[SourceDate "2006.11.23"]
[SourceVersion "1"]
[SourceVersionDate "2006.11.23"]
[SourceQuality "1"]

1. e4 c5 2. Nf3 d6 3. Bc4 Nf6 4. d3 Nc6 5. c3 e6 6. Bb3 Be7 7. 0-0 0-0 8. Re1 e5 9. Nbd2 Rb8 10. Nf1 b5 11. Ne3 Na5 12. Bc2 b4 13. d4 Qc7 14. Nd5 Nxd5 15. exd5 cxd4 16. cxd4 Bg4 17. Qd3 g6 18. Ba4 Bxf3 19. Qxf3 f5 20. Bh6 e4 21. Bxf8 exf3 22. Bxe7 Kf7 23. Rac1 Qxe7 24. Rxe7+ Kxe7 25. Rc7+ Kf6 26. Rxa7 b3 27. axb3 Nxb3 28. Bxb3 Rxb3 29. gxf3 Rxb2 30. Rd7 Rb6 31. f4 h6 32. h4 g5 33. fxg5+ hxg5 34. h5 g4 35. h6 Kg6 36. h7 Rb8 37. Rxd6+ Kg5 38. Rd7 Kf4 39. Re7 Kg5 40. d6 Kf6 41. d5 1-0

[Event "Cattolica op"]
[Site "Cattolica"]
[Date "2005.06.11"]
[Round "1"]
[White "Magalotti, Andrea"]
[Black "Ragnoni, Edoardo"]
[Result "1-0"]
[WhiteElo "2169"]
[BlackElo "1802"]
[PlyCount "63"]
[EventDate "2005.06.11"]
[EventType "swiss"]
[EventRounds "9"]
[EventCountry "ITA"]
[SourceTitle "EXT 2007"]
[Source "ChessBase"]
[SourceDate "2006.11.23"]
[SourceVersion "1"]
[SourceVersionDate "2006.11.23"]
[SourceQuality "1"]

1. Nf3 Nf6 2. c4 g6 3. Nc3 Bg7 4. e4 d6 5. Be2 e5 6. d4 0-0 7. 0-0 Nc6 8. dxe5 Nxe5 9. Nd4 Bd7 10. f4 Nc6 11. Be3 Nxe4 12. Nxe4 Re8 13. Bf3 f5 14. Ng5 Rxe3 15. Bd5+ Kf8 16. Nxh7+ Ke8 17. Nc2 Re7 18. Qd2 Bd4+ 19. Nxd4 Rxh7 20. Rae1+ Kf8 21. Ne6+ Bxe6 22. Rxe6 Ne7 23. Rfe1 Nxd5 24. cxd5 Qh4 25. g3 Qg4 26. Qd4 Rg7 27. Qf6+ Kg8 28. Re8+ Rxe8 29. Rxe8+ Kh7 30. Kg2 Qd1 31. Qh4+ Qh5 32. Qd8 1-0